| 000 | 01365nam a22002777a 4500 | ||
|---|---|---|---|
| 005 | 20241008100417.0 | ||
| 008 | 131218t mx||||| |||| 00| 0 spa d | ||
| 020 | _a9786074241839 | ||
| 050 | 0 | 4 |
_aHN110.5.Z9 _bV56 2010 |
| 245 | 0 | 0 |
_aViolencia y sociedad _b: un hito en la historia de las izquierdas en América Latina _c/ editores Veronica Oikión Solano, Miguel Ángel Urrego Ardila. |
| 250 | _a1a ed. | ||
| 260 |
_aMorelia, Michoacán de Ocampo, México : _bUMSNH , Instituto de Investigaciones Históricas : El Colegio de Michoacán, _c2010 |
||
| 300 |
_a523 p. : _bil. ; _c23 cm. |
||
| 504 | _aIncluye bibliografía e índice | ||
| 650 | 7 |
_2LEMB _aViolencia política _xHistoria _ySiglo XX _zLatino América |
|
| 650 | 7 |
_2LEMB _aGuerrillas _xHistoria _ySiglo XX _zLatino América |
|
| 650 | 7 |
_2LEMB _aSocialismo _xHistoria _ySiglo XX _zLatino América |
|
| 651 | 7 |
_2LEMB _aLatino América _xPolítica de gobierno _ySiglo XX |
|
| 651 | 7 |
_2LEMB _aMéxico _xViolencia política _ySiglo XX |
|
| 700 | 1 |
_aOkión Solano, Verónica, _d[1955- ] _eed. |
|
| 700 | 1 |
_aUrrego Ardila, Miguel Ángel, _d[1960- ] _eed. |
|
| 710 | 2 |
_aUniverisdad Michoacana de San Nicolás de Hidalgo, _bInstituto de Investigaciones Históricas |
|
| 710 | 2 | _aEl Colegio de Michoacán | |
| 710 | 1 |
_aMéxico. _bCentro Público de Investigación Conacyt |
|
| 942 |
_2lcc _cLIB |
||
| 999 |
_c47177 _d47177 |
||